000 00833nam a22002651a 4500
001 29033
003 BD-RjUL
005 20211209051349.0
008 140402r19621953enk 00110 eng d
035 _a(BD-RjUL)29118
040 _aPU*
_cPU*
_dNNCU
_dBD-RjUL
_beng
041 _aeng
082 0 0 _a155.28
_220
_bVEP 1962
100 1 _aVernon, Philip E.
_q(Philip Ewart),
_d1905-
_988687
245 1 0 _aPersonality tests and assessments /
_cPhilip E. Vernon.
260 0 _aLondon :
_bMethuen,
_c1953. [Reprinted 1962]
300 _axi, 220 p. ;
_c21cm.
504 _aIncludes Index
650 0 _aPersonality assessment.
_95570
650 0 _aPersonality tests.
_931110
650 2 _aPersonality assessment.
_95570
650 2 _aPersonality tests.
_931110
942 _2ddc
_cBK
999 _c29033
_d29033